[Event "Goiania-ch U16"]
[Site "Goiania"]
[Date "2014.04.05"]
[Round "2"]
[White "Okada, Dyogo Koithi"]
[Black "Do Nascimento, Carlos Eduardo"]
[Result "1-0"]
[WhiteElo "1696"]
[BlackElo "1810"]
[PlyCount "41"]
[EventDate "2014.04.05"]
[EventType "tourn"]
[EventRounds "5"]
[EventCountry "BRA"]
[SourceTitle "EXT 2016"]
[Source "ChessBase"]
[SourceDate "2015.10.08"]
[SourceVersion "1"]
[SourceVersionDate "2015.10.08"]
[SourceQuality "1"]

1. e4 e5 2. Nf3 Nc6 3. Bc4 h6 4. d4 exd4 5. Nxd4 Nf6 6. f3 Bc5 7. Be3 Nxd4 8. Bxd4 Bxd4 9. Qxd4 0-0 10. Nc3 d6 11. 0-0-0 Qe7 12. g4 Be6 13. g5 hxg5 14. Bxe6 Qxe6 15. Rdg1 g4 16. h3 gxf3 17. Nd5 g6 18. Nxf6+ Kg7 19. Nh5+ Kh6 20. Qg7+ Kxh5 21. Qh7# 1-0